000 00562nam a2200157 a 4500
001 000033368
005 20200930070218.0
008 110825s1938 dr c 000 0 spa d
040 _aDO-SdBNP
_bspa
_cBNPHU
082 _axxx
_bC355r
100 1 _aCastro Noboa, H. B. de,
_d1911-
_958947
245 1 0 _aRelicario de ensueño :
_b(poesías) /
_cH. B. de Castro Noboa ; prólogo Juan Bautista Lamarche.
260 _aLa Vega Real, República Dominicana :
_bEl Progreso,
_c1938.
300 _a139 p. :
_bretr. ;
_c22 cm.
700 1 _aBautista Lamarche, Juan,
_epról.
_955209
999 _c32859
_d32859